[Event "SR 3. liga A2 2008/2009"]
[Site "?"]
[Date "2008.11.30"]
[Round "3.7"]
[White "Harasta, Juraj"]
[Black "Hornak, Pavol"]
[Result "1-0"]
[WhiteElo "1628"]
[BlackElo "1743"]
[PlyCount "63"]
[EventDate "2008.??.??"]

1. e4 c5 2. Nf3 d6 3. d4 cxd4 4. Nxd4 Nf6 5. Nc3 a6 6. Be2 e5 7. Nf3 Be7 8. O-O
O-O 9. Be3 b5 10. Nd5 Nbd7 11. c4 bxc4 12. Qc2 Nxd5 13. exd5 Nb6 14. Bxc4 Nxc4
15. Qxc4 Bd7 16. Rfc1 Bb5 17. Qc3 f5 18. a4 Bd7 19. b4 f4 20. Bd2 Bf6 21. Qb2
e4 22. Nd4 Qb6 23. Bc3 Rac8 24. Ne2 f3 25. Bxf6 Rxf6 26. Rxc8+ Bxc8 27. Nd4
fxg2 28. Qc3 Bd7 29. Rc1 Bxa4 30. Qc8+ Kf7 31. Rc7+ Kg6 32. Qg4+ 1-0

[Event "SR 3. liga A2 2008/2009"]
[Site "?"]
[Date "2008.11.30"]
[Round "3.8"]
[White "Markuliak, Mario"]
[Black "Leska, Marian"]
[Result "0-1"]
[WhiteElo "1702"]
[BlackElo "1658"]
[PlyCount "76"]
[EventDate "2008.??.??"]

1. c4 c5 2. Nc3 Nc6 3. Nf3 Nf6 4. g3 g6 5. Bg2 Bg7 6. O-O O-O 7. d4 cxd4 8.
Nxd4 Nxd4 9. Qxd4 d6 10. Bg5 Rb8 11. Qxa7 Be6 12. b3 Nd7 13. Qe3 Re8 14. Rac1
Qa5 15. Nb5 Nf6 16. Rfd1 Bd7 17. Qd2 Qxd2 18. Rxd2 Rec8 19. Nc3 h6 20. Bxf6
Bxf6 21. Nd5 Kg7 22. c5 Be6 23. Nxf6 Kxf6 24. Rdc2 dxc5 25. Rxc5 Rd8 26. Rc7 b6
27. Ra7 Rd2 28. e4 Rbd8 29. f4 Rb2 30. e5+ Kg7 31. Rxe7 Rdd2 32. Bf1 Rxa2 33.
Rcc7 Kf8 34. g4 Ra1 35. Ra7 Rb1 36. Rec7 Rdd1 37. f5 Rxf1+ 38. Kg2 gxf5 0-1

[Event "SR 3. liga A2 2008/2009"]
[Site "?"]
[Date "2008.11.30"]
[Round "3.1"]
[White "Gajarsky, Roman"]
[Black "Strachan, Jan"]
[Result "1/2-1/2"]
[WhiteElo "1943"]
[BlackElo "2223"]
[Annotator ",Jozef"]
[PlyCount "105"]
[EventDate "2008.??.??"]

1. e4 g6 2. c4 d6 3. d4 Nf6 4. Nc3 Bg7 5. Be2 Nc6 6. Be3 e5 7. d5 Nb8 8. f3 Nh5
9. g3 f5 10. Qb3 O-O 11. O-O-O b6 12. Qc2 a5 13. a4 Na6 14. Qd2 Nc5 15. Kc2 Bd7
16. b3 $11 Rf7 17. g4 fxg4 18. fxg4 Nf6 19. Bg5 Qc8 20. Bxf6 Rxf6 21. h3 Qf8
22. Qe3 Rf2 23. Nf3 Rg2 24. Rhg1 Rxg1 25. Rxg1 Qf4 26. Qxf4 exf4 27. Bd3 Re8
28. Nd2 g5 29. Nb5 Na6 30. Be2 Bf6 31. Bf3 Re7 32. Nb1 Be8 33. Nd2 Nb4+ 34. Kd1
Bg6 35. Re1 Be5 36. Re2 Kf7 37. Bg2 $11 Bf6 38. c5 dxc5 39. Nc4 Nd3 40. d6 cxd6
41. Nbxd6+ Ke6 42. Nc8 Re8 43. N8xb6 Rb8 44. e5 Bd8 45. Bd5+ $11 Ke7 46. Na8
Rxb3 47. Nd6 Rb1+ 48. Kd2 Nxe5 49. Nc4 Kd7 50. Rxe5 Rb4 51. Be6+ Kc6 52. Bd5+
Kd7 53. Be6+ 1/2-1/2

[Event "SR 3. liga A2 2008/2009"]
[Site "?"]
[Date "2008.11.30"]
[Round "3.2"]
[White "Ivan, Imrich ml"]
[Black "Kollarik, Gorazd"]
[Result "1-0"]
[WhiteElo "2049"]
[BlackElo "1941"]
[PlyCount "81"]
[EventDate "2008.??.??"]

1. Nf3 Nf6 2. d4 d5 3. Bf4 Bf5 4. e3 e6 5. Bd3 Bg6 6. O-O Bd6 7. Ne5 Nbd7 8.
Nd2 O-O 9. Bxg6 hxg6 10. g4 Bxe5 11. dxe5 Ne4 12. Nxe4 dxe4 13. Qd4 Nb6 14.
Qxe4 Qd5 15. Qxd5 Nxd5 16. Bg5 f6 17. exf6 gxf6 18. Bh4 Kg7 19. g5 fxg5 20.
Bxg5 Rf5 21. h4 Nf6 22. Rad1 Rd5 23. c4 Rd6 24. Rxd6 cxd6 25. Rd1 Ne8 26. c5 d5
27. e4 Nc7 28. Bf4 Rc8 29. b4 Na6 30. a3 Rd8 31. exd5 Rxd5 32. Rxd5 exd5 33.
Bd6 Kf6 34. b5 Nxc5 35. Bxc5 a6 36. bxa6 bxa6 37. Kg2 Ke5 38. Kg3 d4 39. Kg4 d3
40. Be3 Kf6 41. f4 1-0

[Event "SR 3. liga A2 2008/2009"]
[Site "?"]
[Date "2008.11.30"]
[Round "3.3"]
[White "Racik, Marek"]
[Black "Abraham, Jan"]
[Result "0-1"]
[WhiteElo "1932"]
[BlackElo "1979"]
[PlyCount "80"]
[EventDate "2008.??.??"]

1. Nf3 Nf6 2. c4 e6 3. g3 d5 4. Bg2 c5 5. O-O Be7 6. b3 O-O 7. Bb2 d4 8. e3 Nc6
9. d3 e5 10. Na3 Bf5 11. Nh4 Bg4 12. Qd2 Rc8 13. Nc2 Rc7 14. h3 Be6 15. exd4
exd4 16. Rfe1 Re8 17. Re2 Bd6 18. Rae1 Rce7 19. b4 Qd7 20. bxc5 Bxc5 21. Kh2
Qd6 22. Nf3 Rd8 23. Qc1 Nb4 24. Nxb4 Bxb4 25. Rd1 Qb6 26. Bxd4 Rxd4 27. Rb2 Rd8
28. Qb1 Red7 29. Ne5 Re7 30. f4 Qe3 31. Rxb4 Nh5 32. Nf3 Qf2 33. Qb2 Qxg3+ 34.
Kg1 Nxf4 35. Kh1 Bxh3 36. Rg1 Bxg2+ 37. Rxg2 Nxg2 38. Qxg2 Re1+ 39. Ng1 Qh4+
40. Qh2 Rxg1+ 0-1

[Event "SR 3. liga A2 2008/2009"]
[Site "?"]
[Date "2008.11.30"]
[Round "3.4"]
[White "Csefalvay, Stefan"]
[Black "Slamka, Michal"]
[Result "1-0"]
[WhiteElo "1965"]
[BlackElo "1734"]
[PlyCount "59"]
[EventDate "2008.??.??"]

1. d4 Nf6 2. Nf3 e6 3. g3 b6 4. Bg2 Bb7 5. O-O Be4 6. c4 c6 7. Nc3 d5 8. Bg5
Bxf3 9. Bxf3 h6 10. Bxf6 gxf6 11. cxd5 cxd5 12. e4 Bd6 13. exd5 e5 14. dxe5
fxe5 15. Rc1 a6 16. Bg4 O-O 17. h4 f5 18. Bxf5 Ra7 19. Qh5 Rxf5 20. Qxf5 Rf7
21. Qe6 Bf8 22. Ne4 Nd7 23. Nd6 Bxd6 24. Qxd6 Rf6 25. Qc7 Qe7 26. Qc8+ Rf8 27.
Qxa6 Qd8 28. Rc6 Nb8 29. Rg6+ Kh7 30. Qd3 1-0

[Event "SR 3. liga A2 2008/2009"]
[Site "?"]
[Date "2008.11.30"]
[Round "3.5"]
[White "Filip, Frantisek"]
[Black "Vizvari, Ludovit"]
[Result "0-1"]
[WhiteElo "1853"]
[BlackElo "2039"]
[PlyCount "80"]
[EventDate "2008.??.??"]

1. e4 c5 2. Ne2 e6 3. Ng3 Nc6 4. c3 Nf6 5. Qc2 d6 6. Be2 Be7 7. O-O O-O 8. d3
Bd7 9. Nd2 Rc8 10. Nf3 a6 11. Be3 b5 12. Qd2 Ng4 13. Bg5 Bxg5 14. Nxg5 Nf6 15.
f4 e5 16. f5 Ne7 17. Rf2 d5 18. Nh5 Nxh5 19. Bxh5 f6 20. Nf3 dxe4 21. dxe4 Bc6
22. Qe2 Qb6 23. Nd2 Rfd8 24. Rd1 Rd7 25. Qe3 Rcd8 26. Be2 Nc8 27. c4 Rd4 28.
Rff1 Nd6 29. cxb5 axb5 30. Bf3 c4 31. Rfe1 Qa5 32. a3 Nxf5 33. exf5 Bxf3 34. b4
Qc7 35. gxf3 c3 36. Re2 Rd3 37. Qf2 Qd7 38. Rc1 cxd2 39. Rd1 Qxf5 40. Rexd2
Qg5+ 0-1

[Event "SR 3. liga A2 2008/2009"]
[Site "?"]
[Date "2008.11.30"]
[Round "3.6"]
[White "Szitasi, Janos"]
[Black "Skocik, Jozef"]
[Result "1/2-1/2"]
[WhiteElo "1972"]
[BlackElo "1863"]
[PlyCount "119"]
[EventDate "2008.??.??"]

1. e4 c5 2. Nf3 d6 3. d4 cxd4 4. Nxd4 Nf6 5. Nc3 g6 6. Be2 Bg7 7. Be3 a6 8. Qd2
Bd7 9. Bh6 O-O 10. Bxg7 Kxg7 11. h4 h5 12. f3 Nc6 13. O-O-O Qb6 14. a3 Nxd4 15.
Qxd4 Qxd4 16. Rxd4 Rfc8 17. Rg1 Rc7 18. Nd5 Nxd5 19. exd5 Rac8 20. c3 Kf6 21.
g4 Rh8 22. g5+ Kg7 23. Bd3 Rd8 24. f4 Bg4 25. Re1 Re8 26. Bc2 Rc5 27. Re3 Bd7
28. Kd2 Bg4 29. a4 Kf8 30. b4 Rc7 31. a5 Rec8 32. Bb3 Bd7 33. c4 Rb8 34. Bd1 b5
35. axb6 Rxb6 36. Kc3 Rcb7 37. c5 dxc5 38. bxc5 Rc7 39. Rc4 Rb5 40. Kd4 Rb1 41.
Bf3 Bb5 42. Rcc3 Rb4+ 43. Ke5 f6+ 44. gxf6 exf6+ 45. Kxf6 Rxf4+ 46. Ke5 Rcf7
47. Be4 Rxh4 48. Bxg6 Re7+ 49. Kf6 Rf4+ 50. Kg5 Rxe3 51. Rxe3 Rc4 52. c6 Bxc6
53. dxc6 Rxc6 54. Bxh5 Rc5+ 55. Kh6 Rc8 56. Bg4 Rc6+ 57. Kg5 Kf7 58. Re5 Rg6+
59. Kf4 Rf6+ 60. Bf5 1/2-1/2

[Event "SR 3. liga A2 2008/2009"]
[Site "?"]
[Date "2008.11.30"]
[Round "3.7"]
[White "Majtan, Martin"]
[Black "Vegh, Vince"]
[Result "1/2-1/2"]
[WhiteElo "1572"]
[BlackElo "1917"]
[PlyCount "97"]
[EventDate "2008.??.??"]

1. e4 c5 2. Nc3 Nc6 3. g3 Nf6 4. Bg2 d6 5. f4 a6 6. d3 e6 7. Be3 Qc7 8. Nf3 Be7
9. O-O O-O 10. Qe2 d5 11. exd5 exd5 12. Bd2 Re8 13. Ne5 Be6 14. Nxc6 Qxc6 15.
f5 Bd7 16. Qf3 d4 17. Ne4 Rac8 18. Qf2 Qb6 19. b3 Bc6 20. Nxf6+ Bxf6 21. Rae1
h6 22. Bf4 Qd8 23. Bxc6 Rxc6 24. Rxe8+ Qxe8 25. Re1 Qd7 26. Be5 Bg5 27. Qf3
Be3+ 28. Kh1 f6 29. Bb8 Qc8 30. Qd5+ Kh7 31. Bf4 Bxf4 32. gxf4 Rc7 33. Re6 Qd7
34. Qg2 Qf7 35. Qg4 Re7 36. Qg6+ Kg8 37. Qxf7+ Kxf7 38. Rxe7+ Kxe7 39. h4 Kd6
40. Kg2 Kc6 41. Kf3 h5 42. Ke4 b5 43. a3 a5 44. Kf3 Kd5 45. Ke2 Kc6 46. Kf3 Kd5
47. Ke2 c4 48. b4 axb4 49. axb4 1/2-1/2

[Event "SR 3. liga A2 2008/2009"]
[Site "?"]
[Date "2008.11.30"]
[Round "3.8"]
[White "Magyarics, Jozef"]
[Black "Cernay, Rastislav"]
[Result "1-0"]
[WhiteElo "1549"]
[BlackElo "1495"]
[PlyCount "79"]
[EventDate "2008.??.??"]

1. e4 e5 2. Nf3 Nc6 3. Bc4 Bc5 4. O-O d6 5. h3 Nge7 6. c3 O-O 7. d4 exd4 8.
cxd4 Bb6 9. Be3 d5 10. exd5 Nxd5 11. Bxd5 Qxd5 12. Nc3 Qd6 13. Qd2 Bf5 14. d5
Ne7 15. Bf4 Qc5 16. Rac1 Ba5 17. a3 Bxc3 18. Rxc3 Qxd5 19. Rxc7 Qxd2 20. Bxd2
Nd5 21. Rxb7 Rfd8 22. Re1 Bc8 23. Rb5 Ba6 24. Rc5 Rab8 25. Re5 Rb5 26. Rxb5
Bxb5 27. Ba5 Rd6 28. Nd4 Bd7 29. Nf5 f6 30. Rxd5 Rxd5 31. Ne7+ Kf7 32. Nxd5 Ke6
33. Ne3 Kd6 34. f4 Kc5 35. Kf2 Kd4 36. Bc3+ Ke4 37. f5 Be8 38. g4 Kf4 39. Nc4
h5 40. Bd2+ 1-0

[Event "SR 3. liga A2 2008/2009"]
[Site "?"]
[Date "2008.11.30"]
[Round "3.1"]
[White "Halas, Miroslav"]
[Black "Sekera, Branislav"]
[Result "0-1"]
[WhiteElo "1939"]
[BlackElo "2138"]
[PlyCount "92"]
[EventDate "2008.??.??"]

1. e4 c6 2. d4 d6 3. Nf3 Nf6 4. Nc3 Bg4 5. h3 Bxf3 6. Qxf3 e5 7. d5 c5 8. Bb5+
Nbd7 9. Bg5 Be7 10. Bxf6 Bxf6 11. O-O a6 12. Bxd7+ Qxd7 13. b3 O-O 14. Ne2 Qe7
15. Qd3 g6 16. Rab1 Rac8 17. c4 Bg7 18. Rfc1 f5 19. Nc3 Rf7 20. Rc2 Rcf8 21. b4
cxb4 22. Rxb4 Qg5 23. Rb6 Rd8 24. Rcb2 Rdd7 25. Qb1 Qf4 26. Qd3 g5 27. exf5 e4
28. Qc2 e3 29. g3 Qxf2+ 30. Kh1 Qe1+ 31. Kg2 Qxc3 32. g4 Qd4 33. Rb1 h5 34. Qe2
Be5 35. R6b3 Bf4 36. Rd1 Qe4+ 37. Kg1 hxg4 38. Qxg4 Qxf5 39. Qxf5 Rxf5 40. Kf1
Rff7 41. Ke2 Rh7 42. Rh1 g4 43. Rf1 gxh3 44. Rxf4 h2 45. Rxe3 Rde7 46. Kf2 Rxe3
0-1

[Event "SR 3. liga A2 2008/2009"]
[Site "?"]
[Date "2008.11.30"]
[Round "3.2"]
[White "Sturdik, Igor"]
[Black "Klanica, Anton"]
[Result "1/2-1/2"]
[WhiteElo "2022"]
[BlackElo "1956"]
[PlyCount "68"]
[EventDate "2008.??.??"]

1. e4 e5 2. Nf3 Nc6 3. d4 exd4 4. Bc4 Bb4+ 5. c3 dxc3 6. O-O Nge7 7. bxc3 Bc5
8. Ng5 Ne5 9. Nxf7 Nxf7 10. Bxf7+ Kxf7 11. Qh5+ Ng6 12. Qxc5 d6 13. Qh5 Kf8 14.
f4 b6 15. f5 Ba6 16. Rf2 Ne5 17. f6 g6 18. Qh6+ Kf7 19. Qg7+ Ke6 20. Bh6 Nf7
21. Nd2 Nxh6 22. Qxh6 Qf8 23. Qh3+ Kf7 24. Qd7+ Kg8 25. Qxc7 h6 26. Qc6 Rh7 27.
Nb3 Rc8 28. Qd5+ Rf7 29. Rd1 Bc4 30. Qxd6 Bxb3 31. axb3 Rxc3 32. Qd5 Rc5 33.
Qd4 Qe8 34. h3 Re5 1/2-1/2

[Event "SR 3. liga A2 2008/2009"]
[Site "?"]
[Date "2008.11.30"]
[Round "3.3"]
[White "Hagara, Vladimir"]
[Black "Lukac, Tomas"]
[Result "0-1"]
[WhiteElo "1969"]
[BlackElo "1824"]
[PlyCount "104"]
[EventDate "2008.??.??"]

1. c4 e5 2. Nc3 Nf6 3. g3 d5 4. cxd5 Nxd5 5. Bg2 Nxc3 6. bxc3 Nc6 7. d3 Bc5 8.
e3 O-O 9. Ne2 Bg4 10. O-O Re8 11. f3 Bf5 12. d4 exd4 13. cxd4 Bb6 14. Bd2 Bd3
15. Re1 Bxe2 16. Rxe2 Nxd4 17. Re1 Nf5 18. Qc1 Nxe3 19. Bxe3 Rxe3 20. Kh1 Rxe1+
21. Qxe1 Qe8 22. f4 c6 23. Qb4 Rd8 24. Re1 Qf8 25. Qe4 Ba5 26. Rb1 Rd7 27. Bh3
Re7 28. Qd3 Qd8 29. Qxd8+ Bxd8 30. Rd1 Ba5 31. Bf1 Re1 32. Rxe1 Bxe1 33. Kg2
Kf8 34. Kf3 Ke7 35. f5 b5 36. Ke4 f6 37. Be2 a5 38. Bh5 Kd6 39. Bf7 Kc5 40. g4
Kb4 41. Kd3 c5 42. Kc2 c4 43. Be8 Kc5 44. a3 b4 45. axb4+ axb4 46. Ba4 b3+ 47.
Kd1 Bc3 48. Kc1 Kb4 49. Bc6 Be5 50. h3 c3 51. Be4 c2 52. Bxc2 bxc2 0-1

[Event "SR 3. liga A2 2008/2009"]
[Site "?"]
[Date "2008.11.30"]
[Round "3.4"]
[White "Lopatievov, Alexander"]
[Black "Bahna, Jan"]
[Result "1-0"]
[WhiteElo "2020"]
[BlackElo "1935"]
[PlyCount "93"]
[EventDate "2008.??.??"]

1. c4 e5 2. Nc3 Nc6 3. e3 d6 4. d4 Nf6 5. d5 Ne7 6. e4 Ng6 7. g3 Be7 8. Bg2 Bd7
9. Nge2 Qc8 10. O-O a6 11. Qd3 Bh3 12. f3 O-O 13. Be3 Nh5 14. b4 Bxg2 15. Kxg2
f5 16. exf5 Qxf5 17. Qxf5 Rxf5 18. Ne4 Raf8 19. c5 Rd8 20. Rad1 h6 21. N2c3 Rf7
22. a4 Nf6 23. c6 bxc6 24. dxc6 Nxe4 25. fxe4 Rb8 26. Nd5 Bd8 27. Rb1 Ne7 28.
Nxe7+ Bxe7 29. b5 Rxf1 30. Kxf1 axb5 31. Rxb5 Rxb5 32. axb5 Bd8 33. Ba7 Kf7 34.
Bb8 Ke6 35. b6 cxb6 36. c7 Bxc7 37. Bxc7 b5 38. Ke2 d5 39. Kd3 g6 40. h4 h5 41.
Ba5 Kd6 42. Bb4+ Ke6 43. Ke3 d4+ 44. Kf3 Kf6 45. Bd2 Ke6 46. Bb4 Kf6 47. g4 1-0

[Event "SR 3. liga A2 2008/2009"]
[Site "?"]
[Date "2008.11.30"]
[Round "3.5"]
[White "Holicky, Miroslav"]
[Black "Kozinka, Roman"]
[Result "0-1"]
[WhiteElo "1872"]
[BlackElo "2012"]
[PlyCount "86"]
[EventDate "2008.??.??"]

1. e4 c5 2. c4 Nc6 3. Nc3 g6 4. g3 Bg7 5. Bg2 d6 6. Nge2 Bg4 7. h3 Be6 8. d3
Qc8 9. Be3 Nf6 10. Qd2 h5 11. Nd5 Rb8 12. Nec3 Nd4 13. Rb1 Nxd5 14. Nxd5 b5 15.
b3 b4 16. Bxd4 Bxd4 17. Qe2 a5 18. f4 Rb7 19. Ne3 Ra7 20. Nd5 Qa6 21. Bf3 a4
22. Rh2 axb3 23. axb3 Qc8 24. Qf1 Bxd5 25. exd5 Qa8 26. Qe2 h4 27. g4 g5 28.
fxg5 Rg8 29. g6 Rxg6 30. Be4 Rf6 31. Bf5 Kf8 32. Kd1 Ra1 33. Rxa1 Qxa1+ 34. Kc2
Qb2+ 35. Kd1 Qb1+ 36. Kd2 Qxb3 37. Kc1 Qa3+ 38. Kd1 Qa1+ 39. Kc2 Qb2+ 40. Kd1
Qb1+ 41. Kd2 b3 42. Be4 Rf1 43. g5 Qc2# 0-1

[Event "SR 3. liga A2 2008/2009"]
[Site "?"]
[Date "2008.11.30"]
[Round "3.7"]
[White "Herega, Jozef"]
[Black "Gajarsky, Julius"]
[Result "1-0"]
[WhiteElo "1880"]
[BlackElo "1807"]
[PlyCount "101"]
[EventDate "2008.??.??"]

1. d4 f5 2. Nf3 Nf6 3. Bg5 e6 4. g3 Be7 5. Bg2 O-O 6. O-O d5 7. Nbd2 c6 8. c4
b6 9. Rc1 Bb7 10. Ne5 Nbd7 11. Ndf3 Nxe5 12. Nxe5 Nd7 13. Bxe7 Qxe7 14. cxd5
cxd5 15. Rc7 Bc8 16. Qa4 Qd6 17. Qc6 Qxc6 18. Nxc6 Nf6 19. Rxa7 Rxa7 20. Nxa7
Bd7 21. Rc1 Ra8 22. Rc7 Kf8 23. a3 Ke8 24. Nc6 g5 25. Ne5 Rc8 26. Rb7 Rc1+ 27.
Bf1 Bb5 28. Kg2 Rc2 29. Rxb6 Rxb2 30. Nd3 Rb3 31. Nc5 Nd7 32. Rxe6+ Kf7 33.
Nxd7 Bxd7 34. Rd6 Ba4 35. Kg1 Rxa3 36. Rxd5 Bc2 37. Rd7+ Kg6 38. f3 h5 39. Rd6+
Kg7 40. Kf2 g4 41. Bg2 Bd1 42. fxg4 hxg4 43. Re6 Ra2 44. d5 Kf7 45. h3 Bb3 46.
hxg4 fxg4 47. Ke3 Bd1 48. Kf2 Rb2 49. Re4 Ra2 50. Ke1 Bb3 51. Rxg4 1-0

[Event "SR 3. liga A2 2008/2009"]
[Site "?"]
[Date "2008.11.30"]
[Round "3.8"]
[White "Kozinka, Jan"]
[Black "Steinecker, Frantisek"]
[Result "1/2-1/2"]
[WhiteElo "1767"]
[BlackElo "1723"]
[PlyCount "125"]
[EventDate "2008.??.??"]

1. d4 Nf6 2. c4 d6 3. Nc3 g6 4. e4 Bg7 5. Be2 O-O 6. Nf3 c6 7. h3 Nbd7 8. O-O
e5 9. dxe5 Nxe5 10. Nxe5 dxe5 11. Qxd8 Rxd8 12. Bg5 Be6 13. Rfd1 Rd4 14. Be3
Rd7 15. Na4 b6 16. f3 Rad8 17. Rxd7 Rxd7 18. Rd1 Nh5 19. Rxd7 Bxd7 20. Kf2 f5
21. Nc3 f4 22. Bd2 Bf8 23. Ke1 Be6 24. Bd3 Nf6 25. Ne2 g5 26. g4 fxg3 27. Bxg5
Nd7 28. b3 Bxh3 29. Nxg3 Nc5 30. Bf1 Bxf1 31. Kxf1 h6 32. Be3 Kf7 33. Ke2 Ne6
34. Kf2 Kg6 35. Nf5 h5 36. Kg3 Ng7 37. Nh4+ Kf6 38. f4 Bb4 39. Nf3 exf4+ 40.
Bxf4 Ne6 41. Be5+ Kg6 42. Bb8 Nc5 43. Kf4 Nd3+ 44. Ke3 Nc1 45. Ne5+ Kg5 46.
Nxc6 Bc5+ 47. Kf3 Nxa2 48. Bf4+ Kf6 49. Nxa7 Nb4 50. Nb5 h4 51. Kg4 Bf2 52. Nc3
Nd3 53. Nd5+ Ke6 54. Bc7 Ne5+ 55. Kh3 Nd7 56. b4 Kf7 57. Bd8 Ke6 58. Bc7 Kf7
59. Kg4 Ke6 60. Nf4+ Kf7 61. Nd3 Nf6+ 62. Kf3 Bd4 63. Nf4 1/2-1/2

[Event "SR 3. liga A2 2008/2009"]
[Site "?"]
[Date "2008.11.02"]
[Round "3.1"]
[White "Ambros, Rafael"]
[Black "Csiba, Dominik"]
[Result "0-1"]
[WhiteElo "2082"]
[BlackElo "2169"]
[PlyCount "86"]
[EventDate "2008.??.??"]

1. e4 c5 2. Nc3 d6 3. Nge2 a6 4. g3 b5 5. Bg2 Bb7 6. O-O Nf6 7. d3 e6 8. h3 Qc7
9. f4 Nbd7 10. g4 O-O-O 11. Ng3 h5 12. gxh5 Be7 13. Qf3 Rh7 14. Nce2 Rdh8 15.
c3 Nxh5 16. Nxh5 Rxh5 17. Ng3 R5h7 18. Be3 f5 19. a4 bxa4 20. Rxa4 Nb6 21. Ra2
c4 22. Qf2 Nd7 23. dxc4 Rxh3 24. Bxh3 Rxh3 25. Kg2 Rh4 26. Rh1 Qxc4 27. Raa1
Rg4 28. Rh8+ Kc7 29. Kh3 Nf6 30. exf5 exf5 31. Bb6+ Kd7 32. Bd4 $11 Ne4 33.
Nxe4 Bxe4 34. Rg1 Qd3+ 35. Be3 Rxg1 36. Qxg1 Qe2 37. Qf2 $11 Qd1 38. Qg1 Qf3+
39. Kh2 g5 40. fxg5 d5 41. Rh7 f4 42. Rxe7+ Kxe7 43. Bc5+ Ke6 0-1

[Event "SR 3. liga A2 2008/2009"]
[Site "?"]
[Date "2008.11.02"]
[Round "3.2"]
[White "Kolesar, Rastislav"]
[Black "Pribila, Michal"]
[Result "1-0"]
[WhiteElo "1978"]
[BlackElo "2099"]
[PlyCount "87"]
[EventDate "2008.??.??"]

1. e4 c5 2. Nf3 d6 3. d4 cxd4 4. Nxd4 Nf6 5. Nc3 a6 6. Bc4 e6 7. Bg5 Be7 8. O-O
O-O 9. Nf3 b5 10. Bd3 Nbd7 11. Qe2 Bb7 12. Rad1 Qc7 13. a3 Rac8 14. Nd2 Nc5 15.
f4 h6 16. Bh4 Nfxe4 17. Ndxe4 Bxh4 18. Nxd6 Nxd3 19. Rxd3 Rcd8 20. Nxb7 Rxd3
21. Qxd3 Qxb7 22. Ne4 Rd8 23. Qf3 Qd5 24. c3 f5 25. Ng3 Qxf3 26. Rxf3 Bxg3 27.
hxg3 a5 28. Kf1 Rd1+ 29. Ke2 Rb1 30. b4 Rb2+ 31. Kd3 axb4 32. axb4 Kf7 33. Kd4
Rd2+ 34. Rd3 Re2 35. Kc5 e5 36. fxe5 Rxe5+ 37. Rd5 Re2 38. Rxf5+ Ke6 39. Rf3
Re5+ 40. Kc6 h5 41. c4 bxc4 42. b5 Ke7 43. b6 Re6+ 44. Kc7 1-0

[Event "SR 3. liga A2 2008/2009"]
[Site "?"]
[Date "2008.11.02"]
[Round "3.4"]
[White "Ujhelyi, Matus"]
[Black "Kocak, Branislav"]
[Result "1-0"]
[WhiteElo "1926"]
[BlackElo "1896"]
[PlyCount "65"]
[EventDate "2008.??.??"]

1. e4 c5 2. Nf3 d6 3. d4 cxd4 4. Nxd4 Nf6 5. Nc3 a6 6. Bg5 e5 7. Nb3 Be7 8. Qd2
Nbd7 9. O-O-O h6 10. Bh4 O-O 11. Kb1 b5 12. f3 Bb7 13. Bf2 Rc8 14. g4 b4 15.
Ne2 a5 16. Ng3 a4 17. Nc1 d5 18. h4 d4 19. Nf5 Nxe4 20. fxe4 Bxe4 21. Bd3 Nf6
22. g5 Bxd3 23. Nxd3 Ne4 24. Qe1 b3 25. Qxe4 bxc2+ 26. Ka1 cxd1=Q+ 27. Rxd1
hxg5 28. hxg5 Bxg5 29. Rh1 g6 30. Qxe5 Qf6 31. Qh2 Rfd8 32. Qh7+ Kf8 33. Qh8+
1-0

[Event "SR 3. liga A2 2008/2009"]
[Site "?"]
[Date "2008.11.02"]
[Round "3.5"]
[White "Brunovsky, Peter"]
[Black "Obdrzalkova, Anitta"]
[Result "1/2-1/2"]
[WhiteElo "1753"]
[BlackElo "2005"]
[PlyCount "57"]
[EventDate "2008.??.??"]

1. d4 d5 2. c4 c6 3. Nf3 Nf6 4. g3 dxc4 5. Bg2 b5 6. O-O Bb7 7. a4 e6 8. b3
cxb3 9. Qxb3 b4 10. a5 c5 11. Rd1 Bd5 12. Qa4+ Qd7 13. Qxd7+ Nbxd7 14. dxc5
Bxc5 15. Bb2 O-O 16. Nbd2 Ng4 17. e3 f5 18. Rac1 Rac8 19. Nd4 Bxd4 20. Bxd4
Bxg2 21. Kxg2 a6 22. h3 Ngf6 23. Nc4 Nd5 24. Nd6 Rxc1 25. Rxc1 Rb8 26. Ba7 Ra8
27. Bd4 Rb8 28. Ba7 Ra8 29. Bd4 1/2-1/2

[Event "SR 3. liga A2 2008/2009"]
[Site "?"]
[Date "2008.11.02"]
[Round "3.6"]
[White "Takacs, Laszlo"]
[Black "Zajicek, Ferdinand"]
[Result "1-0"]
[WhiteElo "1726"]
[BlackElo "1946"]
[PlyCount "95"]
[EventDate "2008.??.??"]

1. e4 e5 2. Nf3 d6 3. d4 Nd7 4. d5 Ngf6 5. Nc3 a6 6. h3 Be7 7. Be3 O-O 8. Bd3
c6 9. dxc6 bxc6 10. Bc4 Nb6 11. Bb3 Be6 12. Bxe6 fxe6 13. Ng5 Qb8 14. Nxe6 Re8
15. Qd3 Bf8 16. Bxb6 Rxe6 17. Qc4 d5 18. Qb3 Kh8 19. O-O-O c5 20. Ba5 Qxb3 21.
axb3 d4 22. Nd5 Rb8 23. Nxf6 gxf6 24. Rd3 Rb5 25. Bd2 Reb6 26. Re1 c4 27. bxc4
Rxb2 28. Kd1 Rb1+ 29. Ke2 Rxe1+ 30. Bxe1 Rc6 31. Rf3 Kg7 32. Kd3 Bc5 33. Rf5
Bb6 34. g3 a5 35. f4 Re6 36. fxe5 Rxe5 37. Rxe5 fxe5 38. c5 Bxc5 39. Bxa5 Kf6
40. Kc4 Bd6 41. Kd5 Bb8 42. Bb4 h5 43. Bd6 Ba7 44. h4 Bb6 45. Bxe5+ Kg6 46.
Bxd4 Ba5 47. c4 Be1 48. Be5 1-0

[Event "SR 3. liga A2 2008/2009"]
[Site "?"]
[Date "2008.11.02"]
[Round "3.7"]
[White "Kastler, Peter"]
[Black "Kahancova, Ivana"]
[Result "1-0"]
[WhiteElo "1690"]
[BlackElo "1700"]
[PlyCount "99"]
[EventDate "2008.??.??"]

1. d4 d5 2. c4 Bf5 3. Nc3 e6 4. Nf3 Nf6 5. Bg5 Be7 6. Nh4 Bg6 7. Nxg6 fxg6 8.
e3 O-O 9. Bd3 c6 10. O-O Nbd7 11. f4 Ng4 12. Qxg4 Bxg5 13. Qxg5 Nf6 14. Rf3 Qd6
15. c5 Qc7 16. h4 b6 17. Na4 b5 18. Nc3 Qa5 19. Nb1 Qe1+ 20. Kh2 Qd1 21. Bf1
Ne4 22. Qg4 Rf5 23. Qh3 Re8 24. g4 Rf7 25. Qg2 g5 26. hxg5 Nxg5 27. fxg5 Qxf3
28. Qxf3 Rxf3 29. Bg2 Rxe3 30. Nc3 Rd3 31. Rd1 Rxd1 32. Nxd1 e5 33. dxe5 Rxe5
34. Bf3 Rxg5 35. Kg3 Kf7 36. Ne3 Re5 37. Nf5 Re1 38. Nd4 Rc1 39. b4 Rc3 40.
Nxc6 a6 41. Kf4 Ke6 42. Nd4+ Kd7 43. Bxd5 a5 44. Nxb5 Rc2 45. c6+ Rxc6 46.
Bxc6+ Kxc6 47. Nd4+ Kd5 48. b5 Kc5 49. a4 h6 50. Ne6+ 1-0

[Event "SR 3. liga A2 2008/2009"]
[Site "?"]
[Date "2008.11.02"]
[Round "3.8"]
[White "Mezei, Tibor"]
[Black "Papanek, Lubomir"]
[Result "1-0"]
[WhiteElo "1640"]
[BlackElo "1677"]
[PlyCount "79"]
[EventDate "2008.??.??"]

1. e4 c5 2. Nf3 d6 3. Bc4 e6 4. Nc3 a6 5. a4 Nc6 6. d4 cxd4 7. Nxd4 Nf6 8. Be3
Be7 9. Nb3 O-O 10. Qf3 Ne5 11. Qe2 Qc7 12. Bd3 Bd7 13. f4 Nxd3+ 14. cxd3 b5 15.
a5 Rac8 16. O-O Bc6 17. Rfc1 Qb8 18. h3 b4 19. Na4 Bxa4 20. Rxc8 Rxc8 21. Rxa4
Qb5 22. Ra1 e5 23. Bb6 Nd7 24. Be3 f6 25. Qg4 Rc2 26. Rc1 Rxc1+ 27. Bxc1 Nf8
28. Qe2 g6 29. f5 d5 30. Bh6 d4 31. Qc2 Kf7 32. Bxf8 Bxf8 33. Kf2 Bd6 34. Ke2
gxf5 35. exf5 e4 36. Nxd4 Qe5 37. Qc4+ Kg7 38. Ne6+ Kh6 39. Qxe4 Qxb2+ 40. Kf3
1-0

[Event "SR 3. liga A2 2008/2009"]
[Site "?"]
[Date "2008.11.30"]
[Round "3.1"]
[White "Horak, Ivan"]
[Black "Janko, Ladislav"]
[Result "0-1"]
[WhiteElo "2138"]
[BlackElo "2258"]
[PlyCount "58"]
[EventDate "2008.??.??"]

1. e4 c6 2. c4 d5 3. exd5 cxd5 4. cxd5 Nf6 5. Nc3 g6 6. Bb5+ Nbd7 7. Nf3 Bg7 8.
O-O O-O 9. Re1 Nb6 10. h3 a6 11. Bf1 Nbxd5 12. d4 b5 13. Ne5 Bb7 14. Qb3 Rc8
15. a4 b4 16. Nxd5 Nxd5 17. a5 Qc7 18. Bd3 Rfd8 19. Bd2 Qb8 20. Ra4 e6 21. Bxb4
Bxe5 22. Rxe5 Bc6 23. Rxd5 Bxd5 24. Qd1 Bc6 25. Bc3 Bxa4 26. Qxa4 Qd6 27. Be4
Rb8 28. d5 exd5 29. Qd4 f6 0-1

[Event "SR 3. liga A2 2008/2009"]
[Site "?"]
[Date "2008.11.30"]
[Round "3.2"]
[White "Sulek, Viliam"]
[Black "Kovarik, Oto"]
[Result "1/2-1/2"]
[WhiteElo "2132"]
[BlackElo "2052"]
[PlyCount "88"]
[EventDate "2008.??.??"]

1. e4 c5 2. Nf3 d6 3. d4 cxd4 4. Nxd4 Nf6 5. Nc3 a6 6. g3 e6 7. Bg2 Be7 8. O-O
O-O 9. Be3 Qc7 10. a4 Nc6 11. h3 Rb8 12. Kh2 Na5 13. f4 b6 14. Qe2 Bb7 15. Rad1
Nd7 16. Bc1 Nc6 17. Nxc6 Qxc6 18. Rfe1 Qc7 19. Be3 Bf6 20. Bd4 e5 21. Be3 exf4
22. Bxf4 Be5 23. Nd5 Bxd5 24. Rxd5 Nf6 25. Rd3 b5 26. axb5 Rxb5 27. Bxe5 dxe5
28. b3 Rc8 29. c4 Rb4 30. Red1 h6 31. Qa2 a5 32. Ra1 Ra8 33. Qd2 Qc5 34. Rd8+
Rxd8 35. Qxd8+ Kh7 36. Qxa5 Qxa5 37. Rxa5 Rxb3 38. Rxe5 Rc3 39. Rc5 Nd7 40. Rc7
Ne5 41. c5 h5 42. Rc8 Kg6 43. c6 Rxc6 44. Rxc6+ Nxc6 1/2-1/2